000 00830cam a22002533a 4500
001 20249
003 PGUSA
005 20140828083428.0
008 070102s2007||||xxu|||||s|||||000 | eng d
040 _aPGUSA
_beng
042 _adc
050 4 _aGR
100 1 _aBarham, G. Basil
_q(George Basil)
245 1 0 _aLegend Land, Volume 2 :
_bBeing a Collection of Some of The Old Tales Told in Those Western Parts of Britain Served by The Great Western Railway
_h[electronic resource] /
_cG. Basil Barham
260 _bProject Gutenberg,
_c2007
506 _aPublic domain in the USA.
516 _aElectronic text
653 _aFolklore -- England
653 _aFolk literature, English
653 _aTales -- England
830 0 _aProject Gutenberg
_v20249
856 4 0 _uhttp://www.gutenberg.org/ebooks/20249
942 _cEB
999 _c249504
_d249504